000 00618nam a2200181Ia 4500
008 151018s9999 xx 000 0 und d
082 _bRBASDV24730
_a891.461
100 _aपद्माकर महाजन
245 _aआठवणीतल्या कविता
250 _b2
260 _bएकनाथ साखळकर
_c1993
300 _a23
600 _aपद्माकर महाजन
630 _aआठवणीतल्या कविता
700 _aपद्माकर महाजन
730 _aआठवणीतल्या कविता
942 _cBOOK
999 _c1024366
_d1024363